000 00473nam a2200193Ia 4500
005 20240823021819.0
008 240823s9999||||xx |||||||||||||| ||und||
020 _a81-259-0047-0
041 _aENGLISH
082 _A658.81 P7
100 _aDavar Rustoms S et al.
245 0 _aSalesmanship and Publicity
250 _a16th
260 _c207
_b"Vikas Pub.,New "
_aNew Delhi
500 _aYES
650 _aSales
_bManagement Studies
942 _cBK
999 _c177791
_d177791